| 000 | 00501nam a2200193 a 4500 | ||
|---|---|---|---|
| 001 | 1771297337309 | ||
| 003 | YourLibrary | ||
| 005 | 20260217083536.0 | ||
| 008 | 260217s1999##################000#0#eng## | ||
| 020 | _a9780262041690 | ||
| 082 | 0 | 4 |
_a330.015193 _bDUT |
| 100 | 1 |
_aDutta, Prajit K., _eauthor. |
|
| 245 | 1 | 0 | _aStrategies and Games : |
| 260 |
_bMIT Press, _c1999. |
||
| 300 | _a507 pages | ||
| 650 | 0 | _aBusiness & Economics. | |
| 942 | _cENGLISH | ||
| 040 |
_aYourLibrary _beng _cYourLibrary |
||
| 999 |
_c612836 _d612836 |
||